The ULTIMATE FNAF Character Quiz - Statistics

General Stats
  • This quiz has been taken 227 times
    225 since last reset
  • The average score is 102 of 198
Answer Stats
Type of Animatronic / Person Answer % Correct
Classic (FNAF 1) Freddy
99%
Bonnie
98%
Chica
98%
Foxy
98%
Golden Freddy
97%
Mangle
94%
Withered Bonnie
94%
Withered Chica
94%
Withered (FNAF 2) Withered Freddy
94%
Toy Bonnie
93%
Toy Chica
93%
Toy (FNAF 2) Toy Freddy
93%
Withered Foxy
92%
Withered Golden Freddy
92%
Shadow Bonnie
88%
Balloon Boy
87%
Shadow Shadow Freddy
87%
JJ
85%
Nightmare
84%
Nightmare (FNAF 4) Nightmare Freddy
84%
Nightmare Bonnie
83%
Phantom Chica
83%
Phantom (FNAF 3) Phantom Freddy
83%
Phantom Foxy
82%
The Puppet Marionette
81%
Nightmare Chica
81%
Nightmare Foxy
81%
Funtime Foxy
80%
Funtime Freddy
80%
Phantom Balloon Boy
80%
Funtime (FNAF SL / 6) Circus Baby
78%
William Afton Springtrap
78%
Rockstar Chica
77%
Rockstar (FNAF 6) Rockstar Freddy
77%
Ballora
76%
Amalgamations Ennard
76%
Phantom Mangle
76%
Rockstar Bonnie
76%
Nightmare Fredbear
75%
Nightmare Mangle
74%
Rockstar Foxy
74%
Spring Bonnie
74%
Funtime Chica
73%
Glamrock (FNAF SB) Glamrock Freddy
73%
Nightmare Balloon Boy
73%
Nightmarionne
73%
Bon-Bon
72%
Springlock Fredbear
72%
Glamrock Chica
72%
Plushtrap
71%
Endoskeletons Endo-01
68%
Endo-02
68%
Mr. Hippo
68%
Roxanne Wolf
68%
Scraptrap
68%
Lefty
67%
Molten Freddy
67%
Jack-O-Chica
66%
Security Puppet
66%
Charlotte Emily
65%
Glitchtrap
65%
Happy Frog
65%
Jack-O-Bonnie
65%
Phantom Marionette
65%
Bidybab
64%
The Emilys Henry Emily
64%
Minireena
64%
Montgomery Gator
64%
Pig Patch
64%
Bonnet
63%
Burntrap
63%
Curse Of ____ (DLC) Dreadbear
63%
Glamrock Bonnie
63%
Lolbit
63%
Nightmare Cupcake
63%
Electrobab
62%
The Crying Child
62%
Yenndo
62%
Mediocre Melodies Nedd Bear
61%
DJ Music Man
60%
Twisted Bonnie
60%
The Aftons Michael Afton
59%
Orville Elephant
59%
Twisted Chica
59%
Twisted Foxy
59%
Twisted Twisted Freddy
59%
Elizabeth Afton
58%
Map Bot
58%
Shadow Puppet
58%
The Other (FNAF SB) Sundrop
58%
Moondrop
57%
The Blob
56%
Toy Cupcake
55%
Vanny
55%
Freddles
54%
Grimm Foxy
54%
Other (FNAF 6) Scrap Baby
54%
Fritz
53%
Clowns (FNAF 6) Lemonade Clown
52%
Shadow Balloon Boy
52%
Cassidy
51%
Fruit Punch Clown
51%
Mr. Hugs
51%
Twisted Wolf
51%
El Chip
49%
Glamrock Endo
48%
Helpy
48%
XOR
48%
Cupcakes Mr. Cupcake
47%
Nightmare Endo
47%
No. 1 Crate
47%
Pan Stan
47%
S.T.A.F.F Bots (FNAF SB) Security Bot
47%
Trash And The Gang Bucket Bob
46%
Mr. Can-Do
45%
Susie
45%
Chocolate (FNAF SD) Chocolate Bonnie
44%
Dee Dee
44%
Jeremy
44%
Funtime Cupcake
43%
Missing Children (FNAF 1) Gabriel
43%
Shadow Mangle
43%
Candy Cadet
42%
Golden Cupcake
39%
Neon Bonnie
39%
Egg Baby
38%
Shadow Cupcake
38%
Hardmode (FNAF HW) Dark Freddy
37%
Freddy Frostbear
37%
Clara Afton
36%
Neon Chica
36%
Prize King
36%
Liberty Chica
33%
Mop Bot
33%
July 4th (FNAF SD) Firework Freddy
32%
Burnt Foxy
29%
Easter Bonnie
29%
Nightmarionne Bot
29%
Arcade (FNAF SD) VR Toy Freddy
29%
8-Bit Cupcake
28%
Screampunk (FNAF SD) Clockwork Ballora
28%
Party Freddy
28%
Pizza Bot
28%
Wet Floor Bot
28%
Alien Bot
27%
Dark Foxy
27%
Glamrock Mr. Hippo
27%
Melted Chocolate Bonnie
27%
Circus (FNAF SD) Ringmaster Foxy
27%
Winter (FNAF SD) Black Ice Frostbear
26%
Clown Springtrap
26%
Wasteland (FNAF SD) Radioactive Foxy
26%
System Error Toy Bonnie
26%
Toxic Springtrap
26%
Frost Plushtrap
25%
Magician Mangle
25%
Piranha Plushtrap
25%
Scorching Chica
25%
Arctic Ballora
24%
Black Heart Bonnie
24%
Boulder Toy Bonnie
24%
Flaming Springtrap
24%
Valentine (FNAF SD) Heartsick Baby
24%
Highscore Toy Chica
24%
Jetpack Balloon Boy
24%
Lil' Music Man
24%
Party Bot
24%
Holiday (FNAF SD) Shamrock Freddy
24%
Sunken Toy Bonnie
24%
Swamp Balloon Boy
24%
The Curse
24%
Aeronaut Toy Freddy
23%
Big Bad Foxy
23%
Clockwork Minireena
23%
Comedy Bot
23%
Frostbite Balloon Boy
23%
Scary Tales (FNAD SD) Little Red Chica
23%
Magician Bot
22%
Forest (FNAF SD) Woodland Toy Freddy
22%
Broiler Baby
21%
Heatwave (FNAF SD) Flamethrower Endo
21%
Rockstar Foxy's Parrot
21%
Aztec (FNAF SD) Serpent Mangle
21%
Catrina Toy Chica
19%
Torch Cupcake
19%
Wicked Tides (FNAF SD) Dark Water Endo
18%
Driver Assist Bot
18%
Nanny Bot
18%
Server Bot
18%
Attendant Bot
16%
Great Escape Golden Freddy
16%
Scorching Cupcake
16%
Worker Bot
16%
Instructor Bot
15%
Extra (FNAF UCN) Captain Foxy
14%
Unclassified Bots The Scooper
14%
Calavera Cupcake
12%
Mouldy Cupcake
4%
No matching quizzes found
Score Distribution
Percent of People with Each Score
Percentile by Number Answered
Your Score History
You have not taken this quiz since the last reset